书目信息 |
| 题名: |
与老外炫最俏皮
|
|
| 作者: | 成应翠 , 陆俊 主编 | |
| 分册: | ||
| 出版信息: | 北京 国防工业出版社 2010.01 |
|
| 页数: | XV, 271页 | |
| 开本: | 23cm | |
| 丛书名: | 笑傲英语 | |
| 单 册: | ||
| 中图分类: | H319.9 | |
| 科图分类: | ||
| 主题词: | 英语--ying yu--口语--自学参考资料 | |
| 电子资源: | ||
| ISBN: | 978-7-118-06659-3 | |
| 000 | 01007nam 2200265 450 | |
| 001 | 012010482017 | |
| 005 | 20100411191645.10 | |
| 010 | @a978-7-118-06659-3@dCNY25.00 | |
| 100 | @a20100411d2010 em y0chiy0120 ea | |
| 101 | 0 | @achi@aeng |
| 102 | @aCN@b110000 | |
| 105 | @aa z 000yy | |
| 106 | @ar | |
| 200 | 1 | @a与老外炫最俏皮@Ayu lao wai xuan zui qiao pi@f成应翠, 陆俊主编@Fzhu bian cheng ying cui,lu jun |
| 210 | @a北京@c国防工业出版社@d2010.01 | |
| 215 | @aXV, 271页@c图@d23cm | |
| 225 | 2 | @a笑傲英语@Axiao ao ying yu |
| 330 | @a本书配有精美可爱的卡通形象——怪怪问先生和妙妙答小姐,精选了百余条新新人类犀利的俏皮话。例如:Life consists not in holding good cards,but in playing well those you hold.生活不在于握有一手好牌,而在于把手里的牌打好。 | |
| 410 | 0 | @12001 @a笑傲英语 |
| 606 | 0 | @a英语@Aying yu@x口语@j自学参考资料 |
| 690 | @aH319.9@v4 | |
| 701 | 0 | @a成应翠@Acheng ying cui@4主编 |
| 701 | 0 | @a陆俊@Alu jun@4主编 |
| 801 | 0 | @aCN@bQSSK@c20100411 |
| 905 | @b777323-25@dH319.9@eC721@f3 | |
| 与老外炫最俏皮/成应翠, 陆俊主编.-北京:国防工业出版社,2010.01 |
| XV, 271页:图;23cm.-(笑傲英语) |
| ISBN 978-7-118-06659-3:CNY25.00 |
| 本书配有精美可爱的卡通形象——怪怪问先生和妙妙答小姐,精选了百余条新新人类犀利的俏皮话。例如:Life consists not in holding good cards,but in playing well those you hold.生活不在于握有一手好牌,而在于把手里的牌打好。 |
| ● |
| 相关链接 |
|
|
|
正题名:与老外炫最俏皮
索取号:H319.9/C721
 
预约/预借
| 序号 | 登录号 | 条形码 | 馆藏地/架位号 | 状态 | 备注 |
| 1 | 777323 | 207773239 | 语言库209/209语言库 28排1列2层/ [索取号:H319.9/C721] | 在馆 | |
| 2 | 777324 | 207773248 | 自科二线504/504自科库 45排1列1层/ [索取号:H319.9/C721] | 在馆 | |
| 3 | 777325 | 207773257 | 语言库209/209语言库 28排1列2层/ [索取号:H319.9/C721] | 在馆 |